000 01356ncm0a2200361 4500
001 RU\NLR\ONIZ\198540
005 20250624194832.0
013 _a979-0-66003-102-5
021 _aRU
_b12-294н
_912-22н
035 _aRU\NLR\ONIZ\GALA\5000012735\20140722103845
035 _a(NLR Aleph) 010889139
090 _a10542503
_c10542503
100 _a20140609d2012 |||y0rusy50 ca
101 0 _arus
102 _aRU
125 _axx
200 1 _aПервые шаги маленького пианиста
_bНоты
_fИ. С. Королькова
205 _a8-е изд.
210 _aРостов-на-Дону
_cФеникс
_d2012
215 _a71 с.
_cил.
_d29 см
225 1 _aМои первые ноты
606 1 _aОбучение игре на фортепиано детей младшего возраста
_yРоссия
_z20-21 век
_jНоты
_2nlr_sh
686 _aЩ954.291(2Р=Рус)
_vLBC/SL
_2rubbk
700 1 _9z01790
_aКоролькова
_bИ. С.
_cсост.
_gИрина Станиславовна
_4070
_7ca
790 1 _9z01700
_aKorol`kova
_bI. S.
_gIrina Stanislavovna
_4070
_7ba
801 0 _aRU
_bNLR
_c20140609
_gPSBO
801 1 _aRU
_bNLR
_c20140609
_2rusmarc
801 2 _aRU
_bNLR
_c20190630
852 _aNLR
_bМ
_jК-3/26832
_pМОЭ 2012-22н/294н
_t1
942 _cSCORE
980 _aNB
980 _aONIZ